UBT Library

Strategic planning : (Record no. 41842)

000 -LEADER
fixed length control field 00607pam a2200205 a 4500
001 - CONTROL NUMBER
control field 4749648
005 - DATE AND TIME OF LATEST TRANSACTION
control field 20180206031600.0
008 - FIXED-LENGTH DATA ELEMENTS--GENERAL INFORMATION
fixed length control field 850202s1985 cau a 001 0 eng
010 ## - LIBRARY OF CONGRESS CONTROL NUMBER
LC control number 85001342
020 ## - INTERNATIONAL STANDARD BOOK NUMBER
International Standard Book Number 0874364485 (alk. paper) :
Terms of availability $37.50
040 ## - CATALOGING SOURCE
Original cataloging agency DLC
Transcribing agency DLC
Modifying agency DLC
041 ## - LANGUAGE CODE
Language code of text/sound track or separate title eng
080 ## - UNIVERSAL DECIMAL CLASSIFICATION NUMBER
Universal Decimal Classification number 658.4012
082 00 - DEWEY DECIMAL CLASSIFICATION NUMBER
Classification number 658.4012 ENS
Edition number 19
100 ## - Rafti
Rafti 54
101 ## - Shkurtesa
Shkurtesa LID
245 00 - TITLE STATEMENT
Title Strategic planning :
Statement of responsibility, etc Marie S. Ensign and Laurie Nogg Adler, editors ; foreword by Donald F. Heany.
906 ## - LOCAL DATA ELEMENT F, LDF (RLIN)
a 7
b cbc
c orignew
d 1
e ocip
f 19
g y-gencatlg
942 ## - ADDED ENTRY ELEMENTS (KOHA)
Source of classification or shelving scheme
Item type Books
Holdings
Withdrawn status Lost status Source of classification or shelving scheme Damaged status Not for loan Collection code Permanent location Current location Shelving location Date acquired Total Checkouts Full call number Barcode Date last seen Price effective from Koha item type
          Koleksioni i përgjithshem UBT - Lipjan UBT - Lipjan Koleksioni i lëndeve mesimore 02/06/2018   658.4012 ENS 002-2997188 02/06/2018 02/06/2018 Books
UBT Library © 2015-2024. All rights reserved University Education for Business and Technology